Countries of the World - Tile Select #1 - Statistics

General Stats
  • This quiz has been taken 462 times
  • The average score is 60 of 80
Answer Stats
Question Tile Select % Correct
Countries that border an ocean/sea* Kyrgyzstan No
97%
Countries located entirely on islands Bangladesh No
95%
Countries that border an ocean/sea* Botswana No
94%
Countries located entirely on islands Djibouti No
94%
Countries located entirely on islands Denmark No
92%
Countries located entirely on islands Greece No
91%
Countries located entirely on islands Haiti Yes
91%
Countries that border an ocean/sea* Italy Yes
91%
Countries located entirely on islands Kuwait No
91%
Countries located entirely on islands Malta Yes
91%
Countries that border an ocean/sea* Moldova No
91%
Countries located entirely on islands Monaco No
91%
Countries with at least 100 million people India Yes
90%
Countries that border an ocean/sea* Afghanistan No
89%
Countries with English as an official language Canada Yes
89%
Countries that border an ocean/sea* Paraguay No
89%
Countries with at least 100 million people Brazil Yes
88%
Countries that border the Red Sea Libya No
88%
Countries that border the Red Sea South Sudan No
88%
Countries with at least 100 million people Indonesia Yes
87%
Countries with English as an official language Mauritania No
87%
Countries that border an ocean/sea* Senegal Yes
87%
Countries with English as an official language Senegal No
87%
Countries located entirely on islands Comoros Yes
86%
Countries with English as an official language Honduras No
86%
Countries that border an ocean/sea* Qatar Yes
86%
Countries located entirely on islands Qatar No
86%
Countries with at least 100 million people France No
84%
Countries that border an ocean/sea* Gabon Yes
84%
Countries located entirely on islands Grenada Yes
84%
Countries that border an ocean/sea* Monaco Yes
84%
Countries with English as an official language Somalia No
84%
Countries that border the Red Sea Egypt Yes
83%
Countries that border an ocean/sea* Estonia Yes
83%
Countries with at least 100 million people Germany No
83%
Countries that border an ocean/sea* Laos No
83%
Countries with English as an official language South Africa Yes
82%
Countries located entirely on islands East Timor Yes
81%
Countries with English as an official language Guinea No
81%
Countries that border the Red Sea Iraq No
81%
Countries with at least 100 million people Japan Yes
81%
Countries with at least 100 million people Mexico Yes
81%
Countries that border an ocean/sea* Armenia No
79%
Countries that border the Red Sea Ethiopia No
79%
Countries that border the Red Sea Turkey No
79%
Countries that border the Red Sea Saudi Arabia Yes
78%
Countries with English as an official language Marshall Islands Yes
77%
Countries that border an ocean/sea* Mauritania Yes
77%
Countries that border the Red Sea Oman No
77%
Countries with at least 100 million people Thailand No
77%
Countries with English as an official language Togo No
77%
Countries with at least 100 million people Bangladesh Yes
76%
Countries located entirely on islands Singapore Yes
75%
Countries that border the Red Sea Syria No
75%
Countries with at least 100 million people Iran No
74%
Countries located entirely on islands Bahrain Yes
72%
Countries with at least 100 million people Turkey No
72%
Countries located entirely on islands Malaysia No
71%
Countries that border the Red Sea Yemen Yes
71%
Countries located entirely on islands Brunei Yes
67%
Countries that border the Red Sea Eritrea Yes
67%
Countries with at least 100 million people Philippines Yes
66%
Countries with at least 100 million people Vietnam No
66%
Countries with English as an official language Belize Yes
64%
Countries that border the Red Sea Djibouti Yes
63%
Countries that border the Red Sea Israel Yes
61%
Countries with at least 100 million people Ethiopia Yes
59%
Countries that border an ocean/sea* Iraq Yes
58%
Countries that border the Red Sea Sudan Yes
54%
Countries with at least 100 million people DRC No
53%
Countries that border the Red Sea Jordan Yes
53%
Countries with at least 100 million people Egypt Yes
51%
Countries that border an ocean/sea* Jordan Yes
51%
Countries with English as an official language Botswana Yes
43%
Countries that border the Red Sea Somalia No
42%
Countries with English as an official language Micronesia No
41%
Countries with English as an official language Gambia Yes
36%
Countries with English as an official language Malawi Yes
30%
Countries with English as an official language Brunei Yes
17%
Countries with English as an official language Burundi Yes
15%
No matching quizzes found
Score Distribution
Percent of People with Each Score
Percentile by Number Answered
Your Score History
You have not taken this quiz